00518nam a2200145 a 450000100100000000500170001000800410002704000250006810000320009324500450012526000600017030000200023095201050025099900170035500002938920200930055521.0110415s19uu dr 000 0 spa d aDO-SdBNPbspacBNPHU1 aOrdoñez, Francisco95626813aDel odio al amor /cFrancisco Ordoñez. aSanto Domingo :bCasa Bautista de Publicaciones,c199-? a43 p. ;c19 cm. 0010718PDaGRbGRcCTd2013-03-05iLF1l0o p29389-60r2020-06-25w2020-06-25yLFPDZNo se presta c28881d28881